[Event "GER-ch52 V07 email"]
[Site "GER email"]
[Date "2020.04.16"]
[Round "?"]
[White "Schludecker, Elke"]
[Black "Boehnke, Hartmut"]
[Result "1/2-1/2"]
[WhiteElo "2349"]
[BlackElo "2305"]
[PlyCount "80"]
[EventDate "2020.??.??"]
[EventType "tourn (corr)"]
[EventRounds "10"]
[EventCountry "GER"]
[SourceTitle "Corr 2022"]
[Source "ChessBase"]
[SourceDate "2021.10.24"]
[SourceVersion "1"]
[SourceVersionDate "2021.10.24"]
[SourceQuality "1"]

1. e4 e5 2. Nf3 Nf6 3. Nxe5 d6 4. Nf3 Nxe4 5. d4 d5 6. Bd3 Nc6 7. 0-0 Be7 8. c4 Nb4 9. Be2 0-0 10. Nc3 Bf5 11. a3 Nxc3 12. bxc3 Nc6 13. Re1 Re8 14. cxd5 Qxd5 15. Bf4 Rac8 16. Bd3 Qd7 17. Rb1 b6 18. d5 Bxd3 19. Qxd3 Bxa3 20. Ng5 g6 21. Ne4 Qf5 22. Bxc7 Rxc7 23. Nf6+ Qxf6 24. Rxe8+ Kg7 25. dxc6 Bc5 26. Rb2 Rxc6 27. Qd8 Qxd8 28. Rxd8 a5 29. Kf1 a4 30. Ra2 a3 31. Ke2 b5 32. Kd3 b4 33. cxb4 Bxb4 34. Rb8 Bd6 35. Ra8 Rc7 36. h3 Rb7 37. Ra6 Bf8 38. f3 Rd7+ 39. Ke2 Rb7 40. Kd3 Rd7+ 1/2-1/2

[Event "GER-ch52 V07 email"]
[Site "GER email"]
[Date "2020.04.16"]
[Round "?"]
[White "Schludecker, Elke"]
[Black "Schneider, Karl"]
[Result "1/2-1/2"]
[WhiteElo "2349"]
[BlackElo "2361"]
[PlyCount "74"]
[EventDate "2020.??.??"]
[EventType "tourn (corr)"]
[EventRounds "10"]
[EventCountry "GER"]
[SourceTitle "Corr 2022"]
[Source "ChessBase"]
[SourceDate "2021.10.24"]
[SourceVersion "1"]
[SourceVersionDate "2021.10.24"]
[SourceQuality "1"]

1. e4 c6 2. d4 d5 3. e5 Bf5 4. Nf3 e6 5. Be2 Nd7 6. 0-0 h6 7. c3 Ne7 8. Nbd2 Qc7 9. Re1 0-0-0 10. a4 g5 11. Nf1 Kb8 12. Ng3 Bg6 13. b4 Rg8 14. Bd3 g4 15. Bxg6 Nxg6 16. Nd2 f6 17. exf6 Nxf6 18. Rxe6 Qf7 19. Re1 h5 20. b5 Rc8 21. Ndf1 Rc7 22. Qd3 h4 23. Nf5 Ne4 24. Rxe4 dxe4 25. Qxe4 Ne7 26. Nxh4 Nd5 27. c4 Nc3 28. Qd3 Bb4 29. bxc6 Qe7 30. Bd2 Qe2 31. Qg3 Ne4 32. Qe3 Qxe3 33. Bxe3 Rxc6 34. Bf4+ Ka8 35. Ne3 Bc3 36. Rd1 Ra6 37. Nd5 Rxa4 1/2-1/2

[Event "GER-ch49 V02 email"]
[Site "GER email"]
[Date "2017.04.03"]
[Round "?"]
[White "Schludecker, Elke"]
[Black "Uecker, Dieter"]
[Result "1/2-1/2"]
[WhiteElo "2311"]
[BlackElo "2305"]
[PlyCount "75"]
[EventDate "2017.??.??"]
[EventType "tourn (corr)"]
[EventRounds "10"]
[EventCountry "GER"]
[SourceTitle "Corr 2020"]
[Source "ChessBase"]
[SourceDate "2019.09.30"]
[SourceVersion "1"]
[SourceVersionDate "2019.09.30"]
[SourceQuality "1"]

1. e4 c5 2. Nf3 d6 3. d4 cxd4 4. Nxd4 Nf6 5. Nc3 a6 6. Be3 e5 7. Nb3 Be6 8. Qd2 Nbd7 9. f3 b5 10. 0-0-0 Be7 11. g4 0-0 12. g5 b4 13. Ne2 Ne8 14. f4 a5 15. f5 a4 16. Nbd4 exd4 17. Nxd4 b3 18. Kb1 bxc2+ 19. Nxc2 Bb3 20. axb3 axb3 21. Na3 Ne5 22. h4 Ra4 23. Bd4 Nf3 24. Qc3 Nxd4 25. Rxd4 Rxd4 26. Qxd4 d5 27. Qxd5 Qb6 28. Bc4 Bxa3 29. bxa3 Nd6 30. g6 hxg6 31. fxg6 Nxc4 32. gxf7+ Rxf7 33. Qxc4 Qf2 34. Qxb3 Kh7 35. Rd1 Rf6 36. Qc3 Rf3 37. Qc2 Qb6+ 38. Ka2 1/2-1/2

[Event "BdF-Diamant 07 email"]
[Site "GER email"]
[Date "2016.06.26"]
[Round "?"]
[White "Schludecker, Elke"]
[Black "Pirs, Jernej"]
[Result "1/2-1/2"]
[WhiteElo "2272"]
[BlackElo "2349"]
[PlyCount "46"]
[EventDate "2016.??.??"]
[EventType "tourn (corr)"]
[EventRounds "15"]
[EventCountry "GER"]
[SourceTitle "Corr 2017"]
[Source "ChessBase"]
[SourceDate "2017.09.19"]
[SourceVersion "1"]
[SourceVersionDate "2017.09.19"]
[SourceQuality "1"]

1. e4 c5 2. Nf3 Nc6 3. d4 cxd4 4. Nxd4 Nf6 5. Nc3 e5 6. Ndb5 d6 7. Bg5 a6 8. Na3 b5 9. Nd5 Be7 10. Bxf6 Bxf6 11. c4 b4 12. Nc2 a5 13. g3 0-0 14. Bg2 g6 15. Nxf6+ Qxf6 16. 0-0 h5 17. Ne3 h4 18. Nd5 Qd8 19. f4 hxg3 20. hxg3 Nd4 21. Qd2 Kg7 22. Rf2 f6 23. b3 a4 1/2-1/2

[Event "BdF-Diamant 07 email"]
[Site "GER email"]
[Date "2016.06.26"]
[Round "?"]
[White "Schludecker, Elke"]
[Black "Potrata, Janko"]
[Result "1-0"]
[WhiteElo "2272"]
[BlackElo "2286"]
[PlyCount "57"]
[EventDate "2016.??.??"]
[EventType "tourn (corr)"]
[EventRounds "15"]
[EventCountry "GER"]
[SourceTitle "Corr 2017"]
[Source "ChessBase"]
[SourceDate "2017.09.19"]
[SourceVersion "1"]
[SourceVersionDate "2017.09.19"]
[SourceQuality "1"]

1. d4 Nf6 2. c4 e6 3. Nc3 Bb4 4. a3 Bxc3+ 5. bxc3 0-0 6. f3 d5 7. cxd5 exd5 8. e3 c5 9. Bd3 b6 10. Ne2 Ba6 11. 0-0 Re8 12. Ng3 Bxd3 13. Qxd3 Nc6 14. Bb2 Na5 15. e4 b5 16. e5 Nc4 17. Bc1 Nd7 18. f4 Qb6 19. Nf5 a6 20. a4 bxa4 21. Rxa4 cxd4 22. cxd4 a5 23. Qf3 Qe6 24. Ne3 Nxe3 25. Bxe3 Qc6 26. Ra3 f5 27. Rc1 Qb7 28. Rac3 Nf8 29. g4 1-0

[Event "BdF-Diamant 07 email"]
[Site "GER email"]
[Date "2016.06.26"]
[Round "?"]
[White "Schludecker, Elke"]
[Black "Williamson, Dawn L"]
[Result "1/2-1/2"]
[WhiteElo "2272"]
[BlackElo "2276"]
[PlyCount "63"]
[EventDate "2016.??.??"]
[EventType "tourn (corr)"]
[EventRounds "15"]
[EventCountry "GER"]
[SourceTitle "Corr 2017"]
[Source "ChessBase"]
[SourceDate "2017.09.19"]
[SourceVersion "1"]
[SourceVersionDate "2017.09.19"]
[SourceQuality "1"]

1. d4 Nf6 2. c4 e6 3. Nc3 Bb4 4. a3 Bxc3+ 5. bxc3 c5 6. e3 d6 7. Bd3 Nc6 8. Ne2 b6 9. 0-0 0-0 10. e4 Nd7 11. Bf4 e5 12. d5 exf4 13. dxc6 f3 14. cxd7 fxe2 15. Bxe2 Qxd7 16. f3 Re8 17. a4 a5 18. Rb1 Rb8 19. Bd3 Ba6 20. Rf2 Qc7 21. Rfb2 Bc8 22. Bf1 Be6 23. g3 f6 24. Bd3 h6 25. Qd2 Bf7 26. Rb5 Rb7 27. R5b2 Be6 28. Be2 Rbb8 29. Qd1 Qc6 30. Rd2 Red8 31. Bf1 Bf7 32. Rdb2 1/2-1/2

[Event "BdF-Diamant 07 email"]
[Site "GER email"]
[Date "2016.06.26"]
[Round "?"]
[White "Sherwood, Helen"]
[Black "Schludecker, Elke"]
[Result "1-0"]
[WhiteElo "2343"]
[BlackElo "2272"]
[PlyCount "127"]
[EventDate "2016.??.??"]
[EventType "tourn (corr)"]
[EventRounds "15"]
[EventCountry "GER"]
[SourceTitle "Corr 2017"]
[Source "ChessBase"]
[SourceDate "2017.09.19"]
[SourceVersion "1"]
[SourceVersionDate "2017.09.19"]
[SourceQuality "1"]

1. e4 e5 2. Nf3 Nc6 3. Bb5 a6 4. Ba4 d6 5. 0-0 Bd7 6. c3 Nf6 7. Re1 g6 8. d4 b5 9. Bb3 Bg7 10. h3 0-0 11. Bc2 Re8 12. Nbd2 Nh5 13. Nf1 Qc8 14. Be3 a5 15. Qd2 a4 16. b4 axb3 17. axb3 exd4 18. cxd4 d5 19. e5 Bf8 20. Rec1 Ng7 21. Rxa8 Qxa8 22. Bh6 Bb4 23. Qd1 Be7 24. Bb1 Ba3 25. Rc2 Nf5 26. Bg5 Qb7 27. Ne3 Nxe3 28. Bxe3 Ra8 29. Ne1 Qb8 30. f4 Qb6 31. g4 Bf8 32. Kg2 Nb4 33. Rf2 Be8 34. f5 c5 35. Qd2 Ra1 36. Qb2 Ra8 37. e6 c4 38. exf7+ Bxf7 39. Nf3 Re8 40. Bg5 h6 41. Bf4 g5 42. Be5 Qc6 43. Qc3 Rc8 44. h4 cxb3 45. Qxb3 gxh4 46. Bf4 Qc3 47. Qd1 Re8 48. g5 Re4 49. Bd2 h3+ 50. Kh1 Nd3 51. Rh2 Qc4 52. g6 Be8 53. Bxh6 Bxh6 54. Bxd3 Qc8 55. Rxh3 Bg7 56. Bxe4 dxe4 57. Ng5 Qxf5 58. Qb3+ Kf8 59. Qa3+ Kg8 60. Qa2+ Kf8 61. Rg3 Bd7 62. d5 Qf1+ 63. Rg1 Qf4 64. Qh2 1-0